[Event "Turin ITA"]
[Site "?"]
[Date "2006.05.29"]
[Round "8"]
[White "Pourkashiyan Atousa"]
[Black "Lomibao Sheerie Joy"]
[Result "0-1"]
[WhiteElo "2311"]
[BlackElo "2163"]
[PlyCount "198"]
[EventDate "2006.??.??"]
[Source "www.chesslib.no"]
[SourceDate "2004.05.04"]

1. e4 e5 2. Bc4 Bc5 3. Nf3 d6 4. d4 exd4 5. Nxd4 Qf6 6. Be3 Nc6 7. c3 Nge7 8. O-O Ne5 9. Nb5 Nxc4 10. Bxc5 O-O 11. Bd4 Qg6 12. b3 Ne5 13. Bxe5 dxe5 14. Nxc7 Bg4 15. Qd3 Rad8 16. Qe3 f5 17. exf5 Rxf5 18. f4 Qc6 19. h3 Bxh3 20. gxh3 Qxc7 21. Nd2 exf4 22. Qe6+ Rf7 23. Nf3 Rd6 24. Qe4 Rg6+ 25. Kh2 Qxc3 26. Rad1 Nc6 27. Qe8+ Rf8 28. Qe2 Qe3 29. Qc4+ Qe6 30. Qc2 Rg3 31. Ng1 Qg6 32. Qc4+ Kh8 33. Rxf4 Rg2+ 34. Kh1 Rxf4 35. Qxf4 h6 36. a4 Rb2 37. Rd2 Rxb3 38. Rg2 Qf6 39. Qg4 Rb4 40. Qc8+ Qd8 41. Qe6 Rxa4 42. Qf7 Qe7 43. Qg6 Re4 44. Rf2 Nd8 45. Rd2 Nf7 46. Rc2 Qe6 47. Qg2 Nd6 48. Rd2 Nf5 49. Rd8+ Kh7 50. Nf3 Re2 51. Qg4 Qe4 52. Rd7 Re1+ 53. Kh2 Qe2+ 54. Qg2 Qxg2+ 55. Kxg2 Re2+ 56. Kf1 Re7 57. Rd8 b5 58. Rb8 a6 59. h4 Re6 60. Kf2 Kg6 61. Rf8 Nd6 62. Kg2 Nc4 63. Kg3 Rf6 64. Rc8 Rd6 65. Rc7 a5 66. h5+ Kxh5 67. Rc5+ g5 68. Rxb5 Rd3 69. Kf2 Kg4 70. Nh2+ Kf4 71. Nf1 g4 72. Rc5 Ne5 73. Rxa5 h5 74. Ra4+ Kg5 75. Ra5 Kf6 76. Ra6+ Kg7 77. Ra5 Rf3+ 78. Kg2 Kf6 79. Ra6+ Kg7 80. Ra7+ Nf7 81. Nd2 Rd3 82. Ne4 Kg6 83. Ra6+ Kg7 84. Ra7 Kf8 85. Nf6 h4 86. Nd7+ Kg8 87. Nf6+ Kg7 88. Nh5+ Kh6 89. Nf6 h3+ 90. Kh2 Rd2+ 91. Kg3 Rg2+ 92. Kf4 h2 93. Rxf7 Kg6 94. Rh7 Kxf6 95. Rh6+ Kg7 96. Kg5 g3 97. Rg6+ Kf7 98. Rf6+ Ke7 99. Rh6 Rg1 0-1

[Event "Omis"]
[Site "?"]
[Date "2005.10.13"]
[Round "5.15"]
[White "Brumen Dinko"]
[Black "Bradaric Ratomir"]
[Result "1-0"]
[WhiteElo "2362"]
[BlackElo "2109"]
[PlyCount "35"]
[EventDate "2005.??.??"]
[Source "www.chesslib.no"]
[SourceDate "2004.05.04"]

1. e4 e5 2. Bc4 Bc5 3. Qh5 Qe7 4. Nf3 d6 5. d4 Bxd4 6. Nxd4 exd4 7. O-O Nc6 8. c3 Be6 9. Bb5 dxc3 10. Nxc3 Nf6 11. Qd1 O-O 12. Bg5 h6 13. Bh4 Ne5 14. f4 Nc4 15. Qe2 Nb6 16. e5 dxe5 17. fxe5 Qc5+ 18. Bf2 1-0

[Event "IRI-ch"]
[Site "?"]
[Date "1998.??.??"]
[Round "11"]
[White "Alavi Moghaddam Sayed Javad"]
[Black "Haddad Mohammed"]
[Result "1/2-1/2"]
[WhiteElo "2245"]
[BlackElo "2210"]
[PlyCount "99"]
[EventDate "1998.??.??"]
[Source "www.chesslib.no"]
[SourceDate "2004.05.04"]

1. e4 e5 2. Bc4 Bc5 3. Nf3 d6 4. O-O Nf6 5. d3 O-O 6. c3 Nc6 7. Re1 Bb6 8. h3 Ne7 9. d4 Ng6 10. Nbd2 h6 11. Nf1 c6 12. Bb3 Re8 13. Ng3 Qc7 14. Be3 Be6 15. Qc2 Bxb3 16. axb3 d5 17. exd5 Nxd5 18. Rad1 Rad8 19. Nf5 exd4 20. Bxd4 Bxd4 21. N3xd4 Ndf4 22. c4 Rxe1+ 23. Rxe1 c5 24. Nf3 Qc6 25. Qc3 f6 26. Re7 Rd7 27. Re8+ Kf7 28. Re3 Qc7 29. Qc2 Nf8 30. Qe4 Rd1+ 31. Ne1 N8e6 32. Qf3 Qd7 33. Kh2 Rd2 34. g3 Nxh3 35. Qh5+ Kf8 36. Qxh3 Ng5 37. Qh5 Rxf2+ 38. Ng2 Rxf5 39. Nf4 Rxf4 40. gxf4 Qd2+ 41. Qe2 Qd6 42. Kg3 f5 43. Re5 Ne4+ 44. Kh2 g6 45. Kg2 b6 46. Kh2 Qd8 47. Kh3 Qd4 48. Kg2 Qd6 49. Kh2 Qd8 50. Kh3 1/2-1/2

[Event "Norvège (open)"]
[Site "?"]
[Date "2004.04.03"]
[Round "1"]
[White "Hansen Torbjorn R"]
[Black "Sollid Stein"]
[Result "1-0"]
[WhiteElo "2388"]
[BlackElo "2053"]
[PlyCount "61"]
[EventDate "2004.??.??"]
[Source "www.chesslib.no"]
[SourceDate "2004.05.04"]

1. e4 e5 2. Bc4 Bc5 3. d3 d6 4. Nc3 Nc6 5. Na4 Nf6 6. Nxc5 dxc5 7. f4 Bg4 8. Nf3 Qd6 9. Bb5 O-O-O 10. Bxc6 Qxc6 11. fxe5 Nd7 12. O-O Bxf3 13. Qxf3 Nxe5 14. Qg3 Qd6 15. Bf4 f6 16. Qxg7 h5 17. Bxe5 fxe5 18. Qf6 Qd4+ 19. Qf2 Qxb2 20. Qxc5 b6 21. Qc4 Kb7 22. a4 Rd4 23. Qf7 a5 24. Rab1 Qc3 25. Qf6 Rg8 26. Rxb6+ cxb6 27. Qf7+ Ka6 28. Qxg8 Rxa4 29. Qa8+ Kb5 30. Qe8+ Qc6 31. c4+ 1-0

[Event "Komercni Banka op"]
[Site "Pardubice"]
[Date "1996.??.??"]
[Round "7"]
[White "Sikora, Jan"]
[Black "Hribar, Bojan"]
[Result "1/2-1/2"]
[WhiteElo "2165"]
[BlackElo "2250"]
[PlyCount "49"]
[EventDate "1996.07.??"]
[Source "www.chesslib.no"]
[SourceDate "2004.05.04"]

1. e4 e5 2. Bc4 Bc5 3. Nc3 d6 4. d3 Nc6 5. Be3 Nge7 6. Qd2 Nd4 7. Nge2 c6 8. O-O Ng6 9. Kh1 b5 10. Bb3 Qb6 11. Bxd4 exd4 12. Nd1 a5 13. a4 b4 14. f4 Qd8 15. f5 Ne5 16. Qf4 h6 17. h4 Ra7 18. Ng3 h5 19. Nf2 Qf6 20. Nh3 Ng4 21. Nxh5 Rxh5 22. Qxg4 Rxh4 23. Qg3 Bb6 24. Kg1 Re7 25. Rae1 1/2-1/2

[Event "V Regina Helena Marques Prol"]
[Site "Santos BRA"]
[Date "2007.05.24"]
[Round "8"]
[White "Lima, Din"]
[Black "Limberg, E."]
[Result "0-1"]
[WhiteElo "2137"]
[BlackElo "2255"]
[PlyCount "103"]
[EventDate "2007.05.19"]
[Source "www.chesslib.no"]
[SourceDate "2004.05.04"]

1. e4 e5 2. Bc4 Bc5 3. Nf3 d6 4. d4 exd4 5. Nxd4 Nc6 6. Nxc6 bxc6 7. Qf3 Qf6 8. Qg3 Be6 9. Bxe6 fxe6 10. Nc3 Ne7 11. Na4 Bd4 12. c3 Bb6 13. Nxb6 axb6 14. Bg5 Qg6 15. O-O h6 16. Bxe7 Qxg3 17. hxg3 Kxe7 18. g4 Rhf8 19. f3 b5 20. a3 c5 21. Rac1 Ra4 22. Rf2 Kd7 23. Rd2 Rb8 24. Kf2 Ra7 25. Ke3 b4 26. axb4 cxb4 27. cxb4 Rxb4 28. Rcc2 Rab7 29. Ke2 Rb3 30. Kf2 R7b5 31. Ke2 d5 32. exd5 exd5 33. Kd1 Kd6 34. Kc1 c5 35. Rc3 d4 36. Rxb3 Rxb3 37. Kc2 Rb7 38. Re2 Kd5 39. Re8 Kc4 40. Rd8 d3+ 41. Kc1 Re7 42. g3 Re1+ 43. Kd2 Re2+ 44. Kc1 Rg2 45. Rd7 Rxg3 46. Rxg7 Rxf3 47. g5 hxg5 48. Rxg5 Rf1+ 49. Kd2 Rf2+ 50. Kc1 Rc2+ 51. Kb1 Kb3 52. Rxc5 0-1

[Event "4NCL 0001 Div-2"]
[Site "Birmingham"]
[Date "2001.01.28"]
[Round "6.1"]
[White "Tarifa, Alket"]
[Black "Rudd, Jack"]
[Result "1-0"]
[WhiteElo "2200"]
[BlackElo "2178"]
[PlyCount "147"]
[EventDate "2001.01.27"]
[Source "www.chesslib.no"]
[SourceDate "2004.05.04"]

1. e4 e5 2. Bc4 Bc5 3. Ne2 Nf6 4. Nbc3 Nc6 5. O-O d6 6. Na4 Nxe4 7. Nxc5 Nxc5 8. d4 exd4 9. Nxd4 O-O 10. Nxc6 bxc6 11. b4 Be6 12. Be2 Qf6 13. Be3 Ne4 14. Bd4 Nc3 15. Bxf6 Nxd1 16. Bd4 c5 17. bxc5 dxc5 18. Bxc5 Nc3 19. Bf3 Rad8 20. Bxf8 Kxf8 21. a3 Rd2 22. Rac1 Bd5 23. Kh1 Bc4 24. Rfe1 Rxf2 25. Re3 Na2 26. Rce1 g6 27. Re7 Rf1+ 28. Rxf1 Kxe7 29. Rd1 Nc3 30. Rd4 Be6 31. Bc6 a6 32. a4 a5 33. g3 Kf6 34. Kg2 Ke5 35. Rd3 Na2 36. Bf3 Nb4 37. Rd2 Bf5 38. c3 Nd3 39. g4 Ne1+ 40. Kg3 Nxf3 41. Kxf3 Be6 42. g5 f6 43. gxf6 Kxf6 44. Kf4 g5+ 45. Ke4 h5 46. Rf2+ Ke7 47. Ke5 Bd7 48. Rf6 Bxa4 49. Ra6 Bd7 50. Rxa5 h4 51. Ra1 g4 52. Kf4 Be6 53. Rg1 Kd6 54. Re1 Bc8 55. Re8 Be6 56. Rh8 h3 57. Rd8+ Kc5 58. Re8 Kd6 59. Rxe6+ Kxe6 60. Kxg4 Kd5 61. Kxh3 Kc4 62. Kg3 Kxc3 63. h4 Kd4 64. Kf4 c5 65. h5 c4 66. h6 c3 67. h7 c2 68. h8=Q+ Kd3 69. Qb2 Kd2 70. Kf3 Kd1 71. Kf2 Kd2 72. Qd4+ Kc1 73. Qb4 Kd1 74. Qe1# 1-0

[Event "FRA Team Ch"]
[Site "France"]
[Date "1989.??.??"]
[Round "?"]
[White "Neiman, Emmanuel"]
[Black "Mandarin, Vitomir"]
[Result "1-0"]
[WhiteElo "2240"]
[BlackElo "2130"]
[PlyCount "83"]
[EventDate "1989.??.??"]
[Source "www.chesslib.no"]
[SourceDate "2004.05.04"]

1. e4 e5 2. Bc4 Bc5 3. Nf3 Qf6 4. c3 d6 5. d4 exd4 6. cxd4 Bb4+ 7. Nc3 Bg4 8. Be2 Nd7 9. h3 Bxf3 10. Bxf3 Ne7 11. O-O c6 12. Qb3 Ba5 13. Bg4 O-O-O 14. e5 dxe5 15. Ne4 Qg6 16. Nc5 Bb6 17. Nxd7 Rxd7 18. Bxd7+ Kxd7 19. dxe5 Nd5 20. a4 a5 21. Be3 Bc7 22. Rfd1 Kc8 23. Rxd5 cxd5 24. Rc1 Kb8 25. Ba7+ Kxa7 26. Rxc7 Qb6 27. Qxb6+ Kxb6 28. Rxf7 Re8 29. f4 g5 30. g3 h5 31. h4 gxh4 32. gxh4 Kc6 33. Kf2 d4 34. Ke2 Kd5 35. Kd3 Rg8 36. Rd7+ Ke6 37. Rd6+ Kf5 38. Rf6+ Kg4 39. e6 Kxh4 40. e7 Re8 41. Rf7 Kg4 42. f5 1-0

[Event "Torino Scaccomatto op"]
[Site "Torino"]
[Date "2000.11.26"]
[Round "9"]
[White "Racioppo, Paolo"]
[Black "Van Hoolandt, Patrick"]
[Result "1-0"]
[WhiteElo "2189"]
[BlackElo "2169"]
[PlyCount "57"]
[EventDate "2000.11.18"]
[Source "ChessBase"]
[SourceDate "2001.01.11"]

1. e4 e5 2. Bc4 Bc5 3. Qe2 d6 4. d3 Nc6 5. c3 Qf6 6. h3 Nge7 7. Nf3 h6 8. Nbd2 a6 9. Bb3 Ng6 10. Nf1 Nf4 11. Bxf4 Qxf4 12. Ng3 g6 13. Nf5 gxf5 14. g3 Qg5 15. Nxg5 hxg5 16. O-O-O fxe4 17. d4 exd4 18. Qxe4+ Kf8 19. cxd4 Bb6 20. h4 g4 21. h5 Bd7 22. Qf4 Nd8 23. Qf6 Rh7 24. Rde1 Nc6 25. Re4 Kg8 26. Rf4 Rf8 27. h6 Nb4 28. Kd2 Ba5 29. Qg5+ 1-0

[Event "New York State-ch"]
[Site "Rochester"]
[Date "2001.09.01"]
[Round "1"]
[White "Felber, Joseph J"]
[Black "Pupols, Viktors"]
[Result "0-1"]
[WhiteElo "2123"]
[BlackElo "2223"]
[PlyCount "110"]
[EventDate "2001.09.01"]
[Source "ChessBase"]
[SourceDate "2001.10.26"]

1. e4 e5 2. Bc4 Bc5 3. Nf3 d6 4. d3 Bg4 5. c3 Nc6 6. Be3 Nf6 7. Bxc5 dxc5 8. Qb3 Bxf3 9. Bxf7+ Kf8 10. gxf3 Qxd3 11. Nd2 Na5 12. Qa4 Kxf7 13. Qxa5 Rhd8 14. O-O-O b6 15. Qa4 Qd7 16. Qb3+ Qe6 17. Nc4 Kf8 18. Ne3 Qxb3 19. axb3 Ke7 20. Nf5+ Kf7 21. Rdg1 g6 22. Ne3 Re8 23. Rd1 Rad8 24. Rhg1 Ke6 25. Rxd8 Rxd8 26. Rg5 Rf8 27. Nc4 Nd7 28. Rg3 Rf4 29. Rh3 Nf6 30. Kc2 Nh5 31. Ne3 Rf8 32. Nd5 Kd6 33. Ne3 b5 34. Nf1 Ke6 35. Nd2 a5 36. Rh4 Kd6 37. Rg4 Ra8 38. Rg1 Nf4 39. Nb1 a4 40. bxa4 Rxa4 41. Rd1+ Ke7 42. Nd2 c4 43. Nf1 Nd3 44. Ne3 c6 45. Ng2 Ra2 46. Rb1 Nxf2 47. Ne1 Ra8 48. Kd2 Nh3 49. Ng2 Ng5 50. Ke2 Ne6 51. h4 Nc5 52. Ne3 Nd3 53. Kd2 Kd6 54. Kc2 Rf8 55. b3 Rxf3 0-1

[Event "HUN-chT29899"]
[Site "HUN"]
[Date "1999.??.??"]
[Round "?"]
[White "Jonas, Zsolt"]
[Black "Letay, Gyula"]
[Result "0-1"]
[WhiteElo "2140"]
[BlackElo "2205"]
[PlyCount "110"]
[EventDate "1998.??.??"]
[Source "www.chesslib.no"]
[SourceDate "2004.05.04"]

1. e4 e5 2. Bc4 Bc5 3. d3 Nc6 4. Nf3 d6 5. Bg5 Nf6 6. h3 h6 7. Bd2 a6 8. a3 Qe7 9. Nc3 Be6 10. Bxe6 Qxe6 11. Qe2 b5 12. Nd1 Ne7 13. b4 Bb6 14. c4 O-O 15. O-O Ng6 16. Nc3 c6 17. Kh2 d5 18. c5 Bc7 19. g3 d4 20. Na2 Nd7 21. g4 a5 22. Rfb1 axb4 23. axb4 Rxa2 24. Rxa2 Qxa2 25. Qd1 Qe6 26. Ra1 Bd8 27. Ra7 Nh4 28. Nxh4 Bxh4 29. f4 exf4 30. Bxf4 Ne5 31. Kg2 Bg5 32. Bg3 Qf6 33. Qe2 Ng6 34. Qc2 Bf4 35. Be1 Nh4+ 36. Bxh4 Qxh4 37. Qf2 Qxf2+ 38. Kxf2 Bd2 39. Rc7 Bxb4 40. Rxc6 Bc3 41. Rb6 b4 42. c6 Rc8 43. Kf3 b3 44. Rxb3 Rxc6 45. Rb8+ Kh7 46. Rb3 Rf6+ 47. Kg2 Ra6 48. Kf3 Ra2 49. e5 Rd2 50. Ke4 Re2+ 51. Kf5 Re3 52. Rb7 Rxd3 53. Kf4 Rd1 54. Ke4 d3 55. Rxf7 d2 0-1

[Event "Aragon-ch"]
[Site "?"]
[Date "2002.??.??"]
[Round "4"]
[White "Sig Vargas Marcos"]
[Black "Neila Castillo Miguel Angel"]
[Result "1-0"]
[WhiteElo "2231"]
[BlackElo "2113"]
[PlyCount "53"]
[EventDate "2002.??.??"]
[Source "www.chesslib.no"]
[SourceDate "2004.05.04"]

1. e4 e5 2. Bc4 Bc5 3. Nc3 c6 4. d3 a5 5. a4 Nf6 6. f4 Qb6 7. Nf3 Bf2+ 8. Kf1 exf4 9. d4 Ng4 10. Ng5 d5 11. exd5 O-O 12. dxc6 Qxc6 13. Qd3 g6 14. Nd5 Kg7 15. Bxf4 Bf5 16. Qc3 Rc8 17. Nc7 Be3 18. Nge6+ Qxe6 19. Bxe6 fxe6 20. Bxe3 Na6 21. d5+ e5 22. d6 Nxc7 23. dxc7 Ra6 24. h3 Rc6 25. hxg4 Rxc3 26. bxc3 Bxg4 27. Bb6 1-0

[Event "Willingen GER, Ch U18 (b) 2005"]
[Site "?"]
[Date "2005.05.21"]
[Round "9"]
[White "Mijatovic Vladimir"]
[Black "Elstner Eik"]
[Result "1/2-1/2"]
[WhiteElo "2181"]
[BlackElo "2095"]
[PlyCount "34"]
[EventDate "2005.??.??"]
[Source "www.chesslib.no"]
[SourceDate "2004.05.04"]

1. e4 e5 2. Bc4 Bc5 3. d3 Nc6 4. Nc3 d6 5. Na4 Bb6 6. Nxb6 axb6 7. Nf3 Nf6 8. O-O Be6 9. Qe2 Qd7 10. c3 Bxc4 11. dxc4 Qg4 12. Re1 h6 13. b4 Nd7 14. Qd3 O-O 15. h3 Qh5 16. Nd2 Kh8 17. Nf1 Ne7 1/2-1/2

[Event "Ch Germany (juniors)"]
[Site "Pinneberg GER"]
[Date "1996.??.??"]
[Round "5"]
[White "Dietrich Frank"]
[Black "Rahden Arvid von"]
[Result "1-0"]
[WhiteElo "2120"]
[BlackElo "2155"]
[PlyCount "73"]
[EventDate "1996.??.??"]
[Source "www.chesslib.no"]
[SourceDate "2004.05.04"]

1. e4 e5 2. Bc4 Bc5 3. Nc3 d6 4. d3 Be6 5. Bb3 Nc6 6. Nf3 Bg4 7. h3 Bh5 8. g4 Bg6 9. Bg5 Qd7 10. Nh4 Nge7 11. Nf5 Bxf5 12. gxf5 Nd4 13. Bxe7 Qxe7 14. Qg4 Nxb3 15. axb3 Bb4 16. Ke2 Bxc3 17. bxc3 Qf6 18. Rhg1 Rg8 19. Rg3 a5 20. h4 h6 21. Qh3 b5 22. Rg4 Ke7 23. h5 a4 24. bxa4 Rxa4 25. Rb1 Ra2 26. Kd2 c6 27. Qg3 Kf8 28. Qe3 Qd8 29. Rbg1 Qa5 30. f6 Qa4 31. Rc1 b4 32. Rxg7 bxc3+ 33. Kd1 Rh8 34. Qb6 Qa8 35. Qc7 Ra7 36. Qxd6+ Ke8 37. Rb1 1-0

[Event "HUN Ch women"]
[Site "HUN"]
[Date "1992.??.??"]
[Round "4"]
[White "Forgo, Eva"]
[Black "Burjan, Anita"]
[Result "1-0"]
[WhiteElo "2220"]
[BlackElo "2050"]
[PlyCount "71"]
[EventDate "1992.??.??"]
[Source "www.chesslib.no"]
[SourceDate "2004.05.04"]

1. e4 e5 2. Bc4 Bc5 3. d3 Nf6 4. Nc3 c6 5. Qe2 d6 6. Be3 Qb6 7. Bb3 Bxe3 8. fxe3 Bg4 9. Nf3 Nbd7 10. O-O Nc5 11. Kh1 Nxb3 12. axb3 h5 13. Qe1 O-O-O 14. Nh4 Rde8 15. Nf5 Bxf5 16. Rxf5 a6 17. Na4 Qc7 18. c4 Ng4 19. b4 Nh6 20. Rxh5 g6 21. Rh3 Ng4 22. Rxh8 Rxh8 23. h3 f5 24. Kg1 Nf6 25. Qf2 Qh7 26. b5 axb5 27. cxb5 c5 28. Nc3 Kc7 29. Rf1 Ng4 30. Nd5+ Kb8 31. Qe1 Nh6 32. Qa5 fxe4 33. dxe4 g5 34. Ra1 Kc8 35. Qa8+ Kd7 36. Nf6+ 1-0

[Event "Dreifluesse op 7th"]
[Site "Passau"]
[Date "1999.04.05"]
[Round "7"]
[White "Knitl, Anton"]
[Black "Schebitz, Stephan"]
[Result "1-0"]
[WhiteElo "2076"]
[BlackElo "2190"]
[PlyCount "75"]
[EventDate "1999.04.02"]
[Source "www.chesslib.no"]
[SourceDate "2004.05.04"]

1. e4 e5 2. Bc4 Bc5 3. Nc3 c6 4. Nf3 d6 5. d3 Bg4 6. h3 Bh5 7. Bb3 Nd7 8. Qe2 Ngf6 9. Be3 b5 10. g4 Bg6 11. O-O Qb6 12. Nh4 a5 13. a3 O-O-O 14. Ba2 h5 15. g5 Nh7 16. Nxg6 fxg6 17. h4 Rhf8 18. b4 Bd4 19. Nd1 Bxe3 20. Nxe3 Rf4 21. Ng2 Rdf8 22. Be6 Nxg5 23. hxg5 Qd8 24. Nxf4 Rxf4 25. f3 Qxg5+ 26. Qg2 Qf6 27. Qh3 Rh4 28. Bxd7+ Kc7 29. Qg3 Kxd7 30. Rf2 g5 31. Rg2 g4 32. fxg4 hxg4 33. Rf1 Qh6 34. Rh2 Rxh2 35. Qxh2 Qe3+ 36. Qf2 Qxf2+ 37. Kxf2 axb4 38. axb4 1-0

[Event "Zalakaros op"]
[Site "Zalakaros"]
[Date "1996.??.??"]
[Round "6"]
[White "Waller, Helmut"]
[Black "Vida, Jeno"]
[Result "1/2-1/2"]
[WhiteElo "2205"]
[BlackElo "2040"]
[PlyCount "184"]
[EventDate "1996.??.??"]
[Source "www.chesslib.no"]
[SourceDate "2004.05.04"]

1. e4 e5 2. Bc4 Bc5 3. Nf3 Qe7 4. O-O d6 5. c3 Nf6 6. d4 Bb6 7. Bg5 h6 8. Bxf6 Qxf6 9. dxe5 dxe5 10. Qd5 Nd7 11. b4 c6 12. Qd3 O-O 13. a4 Rd8 14. Qc2 Nf8 15. Nbd2 Ng6 16. Rfd1 Bg4 17. a5 Bc7 18. h3 Bxf3 19. Nxf3 Nf4 20. Bf1 Nxh3+ 21. gxh3 Qxf3 22. Bg2 Qf4 23. Rxd8+ Rxd8 24. Rd1 Qf6 25. Rd3 Rxd3 26. Qxd3 Qe7 27. Bf3 c5 28. Qc4 cxb4 29. cxb4 g6 30. Bd1 Kg7 31. Bb3 Bd6 32. b5 Bb4 33. a6 bxa6 34. bxa6 Bc5 35. Kf1 Bd4 36. Qe2 Qf6 37. Bd5 Qf4 38. Kg2 h5 39. Qf3 Qg5+ 40. Kf1 Qe7 41. Kg2 Qd7 42. Bb7 Qe7 43. Kf1 Qg5 44. Bd5 f6 45. Qa3 Qf4 46. Qg3 Qd2 47. h4 Qd1+ 48. Kg2 Qe2 49. Bb7 Bc5 50. Qf3 Qd2 51. Qg3 Qd4 52. Kf1 Qa1+ 53. Kg2 Qb2 54. Kf1 Qd2 55. Kg2 Kh6 56. Qf3 Kg7 57. Qg3 Qd4 58. Kf1 Bb4 59. Qf3 Qc4+ 60. Kg2 Bc3 61. Bd5 Qd4 62. Bb7 Qd2 63. Qg3 Qc2 64. Kf1 f5 65. exf5 Qd1+ 66. Kg2 Qg4 67. Qxg4 hxg4 68. fxg6 Kxg6 69. Kg3 Bd2 70. Kxg4 Kf6 71. Be4 Be1 72. Kf3 Kg7 73. Ke2 Bb4 74. h5 Kh6 75. Bg6 Kg5 76. f3 Bc5 77. Kd3 Bg1 78. Ke4 Bh2 79. Kd5 Kf6 80. Be8 Bf4 81. Kc6 Ke7 82. Bd7 Kf6 83. Kb7 Be3 84. Be8 Kg5 85. Kb8 Bb6 86. Kc8 Kf6 87. h6 Be3 88. Kb7 Bb6 89. Kc6 Be3 90. h7 Kg7 91. Bg6 Bd4 92. Be4 Be3 1/2-1/2

[Event "POL-chT disctrict"]
[Site "Slask"]
[Date "1996.??.??"]
[Round "?"]
[White "Rychlik, Bogdan"]
[Black "Drzazga, Rafal"]
[Result "0-1"]
[WhiteElo "2130"]
[BlackElo "2110"]
[PlyCount "52"]
[EventDate "1996.??.??"]
[Source "www.chesslib.no"]
[SourceDate "2004.05.04"]

1. e4 e5 2. Bc4 Bc5 3. c3 Nf6 4. d4 exd4 5. e5 d5 6. exd6 Qxd6 7. Nf3 Nc6 8. O-O O-O 9. b4 Bb6 10. Ba3 Ne5 11. b5 Nxf3+ 12. Qxf3 Bc5 13. Bb2 Ng4 14. Qg3 Qf6 15. Nd2 Bf5 16. Nb3 Bd6 17. f4 Ne3 18. Be2 Nxf1 19. Rxf1 Rfe8 20. Nxd4 Bc5 21. Bc4 Rad8 22. Kh1 Re7 23. Nf3 Be4 24. Ne5 Rd2 25. Ng4 Qg6 26. f5 Rxg2 0-1

[Event "Defi Maitres vs Juniors {1}"]
[Site "?"]
[Date "1997.??.??"]
[Round "?"]
[White "Hebert, Jean"]
[Black "Dumesnil, Etienne"]
[Result "1-0"]
[WhiteElo "2450"]
[BlackElo "1775"]
[PlyCount "61"]
[EventDate "1997.??.??"]
[Source "www.chesslib.no"]
[SourceDate "2004.05.04"]

1. e4 e5 2. Bc4 Bc5 3. d4 exd4 4. Bxf7+ Kf8 5. Bb3 Qe7 6. Ne2 Qxe4 7. O-O Nc6 8. Nd2 Qg4 9. h3 Qh5 10. Nf3 Ne5 11. Nxe5 Qxe5 12. Bf4 Qf6 13. Bxc7 d6 14. c3 d3 15. Qxd3 Ne7 16. Rad1 Bf5 17. Qg3 Nc8 18. Bd5 a5 19. Bxb7 Ra7 20. Bxc8 Rxc7 21. Bxf5 Qxf5 22. Nd4 Qf6 23. Rfe1 Re7 24. Rxe7 Qxe7 25. Qf3+ Qf7 26. Qa8+ Qe8 27. Qxa5 g6 28. Qc7 Qe7 29. Qc8+ Kg7 30. Ne6+ Kf6 31. Qxh8+ 1-0

[Event "JUG-ch (Women) 54th"]
[Site "Herceg Novi"]
[Date "2001.04.01"]
[Round "9"]
[White "Saric, Natasa"]
[Black "Drljevic, Ljilja"]
[Result "1-0"]
[WhiteElo "2097"]
[BlackElo "2128"]
[PlyCount "145"]
[EventDate "2001.03.23"]
[Source "ChessBase"]
[SourceDate "2001.05.06"]

1. e4 e5 2. Bc4 Bc5 3. d3 Nc6 4. c3 a6 5. b4 Ba7 6. Nf3 Nf6 7. O-O O-O 8. Qe2 h6 9. a4 Re8 10. Qa2 Qe7 11. Ba3 d6 12. Nbd2 Be6 13. b5 axb5 14. axb5 Nd8 15. Qb2 Nd7 16. Ra2 Qf6 17. Bb4 g5 18. Qa1 g4 19. Ne1 c5 20. Rxa7 Rxa7 21. Qxa7 cxb4 22. cxb4 Nf8 23. f3 Qg5 24. Qf2 h5 25. f4 Qh6 26. f5 Bxc4 27. dxc4 h4 28. Nc2 Nh7 29. Ne3 Nf6 30. g3 h3 31. Ra1 Kh7 32. Ra8 Qg5 33. Qe2 Rg8 34. c5 dxc5 35. bxc5 Nh5 36. Nd5 Re8 37. Qe3 Qg8 38. Nc4 Qg7 39. Nd6 Rg8 40. Ne7 Rf8 41. Qd2 Nf6 42. Rc8 Nd7 43. Rc7 Nc6 44. Rxd7 Nd4 45. Ng6 Nf3+ 46. Kf2 Nxd2 47. Nxf8+ Qxf8 48. Rxf7+ Qxf7 49. Nxf7 Nxe4+ 50. Ke3 Nxc5 51. Nxe5 Kh6 52. Nxg4+ Kg5 53. Nf2 Kxf5 54. Nxh3 Ne6 55. Nf4 Nc7 56. Ne2 Ke5 57. Nc3 Ne8 58. g4 Nf6 59. h3 b6 60. g5 Ne8 61. h4 Kf5 62. Kd4 Kg4 63. Kd5 Kxh4 64. Ne4 Nc7+ 65. Kc6 Ne6 66. Kxb6 Kg4 67. Kc6 Kf5 68. Kd6 Nd8 69. Kd5 Kg6 70. b6 Kf5 71. Nc5 Kg6 72. Kd6 Kxg5 73. Ne6+ 1-0

[Event "Bucharest women"]
[Site "Bucharest ROM"]
[Date "1991.??.??"]
[Round "?"]
[White "Shikova, Vesmina W"]
[Black "Teodorescu, Margareta"]
[Result "1-0"]
[WhiteElo "2120"]
[BlackElo "2100"]
[PlyCount "59"]
[EventDate "1991.??.??"]
[Source "www.chesslib.no"]
[SourceDate "2004.05.04"]

1. e4 e5 2. Bc4 Bc5 3. Qg4 Qf6 4. Nf3 Ne7 5. Qg3 d6 6. d3 h6 7. Be3 Nbc6 8. Nc3 Nd4 9. Bxd4 exd4 10. Nd5 Nxd5 11. Bxd5 Bb4+ 12. Kf1 c6 13. Bb3 O-O 14. h4 Be6 15. h5 Rad8 16. Rh4 Bc5 17. Rf4 Qe7 18. Re1 Bb6 19. Bxe6 fxe6 20. Rg4 c5 21. Nh4 Rf7 22. Ng6 Qd7 23. Kg1 c4 24. f4 cxd3 25. cxd3 Qb5 26. f5 exf5 27. exf5 Re8 28. Rxe8+ Qxe8 29. Re4 Qd7 30. Qe1 1-0

[Event "It (open)"]
[Site "Novi Becej (Yugoslavia)"]
[Date "2007.06.11"]
[Round "3"]
[White "Petkovski Stanko (SCG)"]
[Black "Jevtic Miroljub L (SCG)"]
[Result "0-1"]
[WhiteElo "2080"]
[BlackElo "2132"]
[PlyCount "78"]
[EventDate "2007.??.??"]
[Source "www.chesslib.no"]
[SourceDate "2004.05.04"]

1. e4 e5 2. Bc4 Bc5 3. d3 c6 4. Nf3 d6 5. Be3 Bxe3 6. fxe3 Qb6 7. Qc1 Nf6 8. Nc3 Ng4 9. Nd1 a5 10. h3 Nf6 11. Nc3 Qc5 12. a4 O-O 13. O-O d5 14. exd5 cxd5 15. Bb3 Nc6 16. Nb5 e4 17. d4 Qe7 18. Nd2 Be6 19. Qe1 Nh5 20. c4 Nb4 21. cxd5 Bxh3 22. gxh3 Nd3 23. Qe2 Qg5+ 24. Qg2 Qxe3+ 25. Kh2 Ndf4 26. Rfe1 Nxg2 27. Rxe3 Nxe3 28. Re1 Nf5 29. Rxe4 Nf6 30. Re5 g6 31. Nc4 Nd7 32. Re1 b6 33. d6 Kg7 34. Ne5 Nf6 35. Rc1 Rad8 36. Rc7 Nxd6 37. Nxd6 Rxd6 38. Nxf7 Rd7 39. Rxd7 Nxd7 0-1

[Event "Open, Lisbon POR"]
[Site "?"]
[Date "2001.??.??"]
[Round "7"]
[White "Jagerflod, K."]
[Black "Santos, Ju"]
[Result "0-1"]
[WhiteElo "2155"]
[BlackElo "2045"]
[PlyCount "34"]
[EventDate "2001.??.??"]
[Source "www.chesslib.no"]
[SourceDate "2004.05.04"]

1. e4 e5 2. Bc4 Bc5 3. Nf3 d6 4. O-O Bg4 5. c3 Bxf3 6. Qxf3 Qf6 7. Qe2 Ne7 8. d3 Ng6 9. a4 a5 10. g3 h5 11. Kg2 h4 12. f4 hxg3 13. hxg3 Nh4+ 14. gxh4 Qxh4 15. Bxf7+ Kxf7 16. fxe5+ Ke8 17. Bf4 Qh3# 0-1

[Event "Mind Sports Games - Blitz Team w"]
[Site "Pechino CINA"]
[Date "2008.10.13"]
[Round "10"]
[White "Guerrero Rodriguez, Alej"]
[Black "Johnsen, Sy"]
[Result "1-0"]
[WhiteElo "2143"]
[BlackElo "2040"]
[PlyCount "84"]
[EventDate "2008.10.13"]
[Source "www.chesslib.no"]
[SourceDate "2004.05.04"]

1. e4 e5 2. Bc4 Bc5 3. d4 Bxd4 4. Nf3 Nc6 5. Nxd4 Nxd4 6. O-O Nf6 7. f4 d6 8. fxe5 dxe5 9. Bg5 Be6 10. Na3 c6 11. c3 Bxc4 12. Nxc4 Ne6 13. Qxd8+ Rxd8 14. Bxf6 gxf6 15. Rxf6 Ke7 16. Raf1 Ng5 17. Nxe5 Rd2 18. Nxf7 Nxf7 19. Rxf7+ Ke6 20. Rxb7 h5 21. g3 h4 22. Rf2 Rd1+ 23. Rf1 Rd2 24. Rbf7 hxg3 25. hxg3 Ke5 26. R7f2 Rd3 27. Kg2 Rg8 28. Rf3 Rd2+ 29. R1f2 Rd6 30. Re3 Rdg6 31. b3 a5 32. c4 Kd4 33. Ref3 Kxe4 34. Re2+ Kd4 35. Re7 Kc5 36. Re5+ Kb4 37. Kf2 a4 38. Ref5 axb3 39. axb3 c5 40. Rf7 Ra8 41. Rb7+ Ka5 42. Rff7 Rga6 1-0

[Event "Jacques Lemans op16"]
[Site "St Veit"]
[Date "1996.??.??"]
[Round "1"]
[White "Mazi, Leon"]
[Black "Starzacher, Christian"]
[Result "1-0"]
[WhiteElo "2355"]
[BlackElo "1827"]
[PlyCount "30"]
[EventDate "1996.07.??"]
[Source "www.chesslib.no"]
[SourceDate "2004.05.04"]

1. e4 e5 2. Bc4 Bc5 3. Nf3 Nf6 4. Nxe5 O-O 5. d4 Bb6 6. Nc3 d6 7. Nf3 Re8 8. Be3 Nxe4 9. Nxe4 Rxe4 10. c3 Re8 11. O-O Bf5 12. Ng5 d5 13. Qf3 Be4 14. Qxf7+ Kh8 15. Nxe4 dxe4 1-0